Technológiai átalakulás a börtönkörnyezetben, avagy az „okosbörtön”-koncepció

Elmentve itt :
Bibliográfiai részletek
Szerző: Juhász Zsuzsanna
Dokumentumtípus: Cikk
Megjelent: 2024
Sorozat:FORUM: ACTA JURIDICA ET POLITICA 14 No. 1
Tárgyszavak:
mtmt:35492950
Online Access:http://publicatio.bibl.u-szeged.hu/35327
LEADER 00678nab a2200193 i 4500
001 publ35327
005 20241216110719.0
008 241216s2024 hu o 000 hun d
022 |a 2063-2525 
024 7 |a 35492950  |2 mtmt 
040 |a SZTE Publicatio Repozitórium  |b hun 
041 |a hun 
100 1 |a Juhász Zsuzsanna 
245 1 0 |a Technológiai átalakulás a börtönkörnyezetben, avagy az „okosbörtön”-koncepció  |h [elektronikus dokumentum] /  |c  Juhász Zsuzsanna 
260 |c 2024 
300 |a 99-115 
490 0 |a FORUM: ACTA JURIDICA ET POLITICA  |v 14 No. 1 
650 4 |a Jogtudomány 
856 4 0 |u http://publicatio.bibl.u-szeged.hu/35327/1/Juhasz_FORUM.pdf  |z Dokumentum-elérés